Community Land Trusts (Record no. 108795)
[ view plain ]
| 000 -LEADER | |
|---|---|
| fixed length control field | 01443cad a22002415a 4500 |
| 001 - CONTROL NUMBER | |
| control field | L145439 |
| 008 - FIXED-LENGTH DATA ELEMENTS--GENERAL INFORMATION | |
| fixed length control field | 081009e20081008xxk f f000 0 eng d |
| 035 ## - SYSTEM CONTROL NUMBER | |
| System control number | (Sirsi) u145439 |
| 041 0# - LANGUAGE CODE | |
| Language code of text/sound track or separate title | eng |
| 050 04 - LIBRARY OF CONGRESS CALL NUMBER | |
| Classification number | 306.1 $2 18 |
| 110 2# - MAIN ENTRY--CORPORATE NAME | |
| Corporate name or jurisdiction name as entry element | United Kingdom |
| Subordinate unit | Department for Communities and Local Government |
| 9 (RLIN) | 4939 |
| 245 00 - TITLE STATEMENT | |
| Title | Community Land Trusts |
| Remainder of title | a consultation |
| Medium | [electronic resource] |
| 260 ## - PUBLICATION, DISTRIBUTION, ETC. | |
| Place of publication, distribution, etc. | London |
| Name of publisher, distributor, etc. | DCLG |
| Date of publication, distribution, etc. | 2008 |
| 505 2# - FORMATTED CONTENTS NOTE | |
| Formatted contents note | Recognition for Community Land Trusts -- Regulation -- Access policies -- Finance -- Affordable in perpetuity -- Supporting the way forward -- Responding to this consultation -- Annexes: list of consultation questions; list of consultees; impact assessment; further reading |
| 520 ## - SUMMARY, ETC. | |
| Summary, etc. | Consultation document for England looks at government policies for regulation of, financial support for and access to social rented and affordable housing provided with public subsidy. It asks for opinions on how these policies relate to Community Land Trusts and the development of a well run Community land Trusts sector. |
| 520 ## - SUMMARY, ETC. | |
| Summary, etc. | Responses must be received by 31 December 2008. |
| 521 ## - TARGET AUDIENCE NOTE | |
| Target audience note | Advanced |
| 590 ## - LOCAL NOTE (RLIN) | |
| Local note | KA NTK |
| 651 #4 - SUBJECT ADDED ENTRY--GEOGRAPHIC NAME | |
| Geographic name | England and Wales |
| Chronological subdivision | 1543- |
| 690 ## - LOCAL SUBJECT ADDED ENTRY--TOPICAL TERM (OCLC, RLIN) | |
| Topical term or geographic name as entry element | PROPERTY-RESIDENTIAL PROPERTY-RESIDENTIAL LANDLORD AND TENANT-LEASES |
| 856 40 - ELECTRONIC LOCATION AND ACCESS | |
| Uniform Resource Identifier | <a href="https://www.communities.gov.uk/documents/housing/pdf/communitylandtrusts.pdf">https://www.communities.gov.uk/documents/housing/pdf/communitylandtrusts.pdf</a> |
| Public note | View the item free of charge at www.communities.gov.uk |
| 942 ## - ADDED ENTRY ELEMENTS (KOHA) | |
| Suppress in OPAC | 0 |
| Withdrawn status | Lost status | Source of classification or shelving scheme | Damaged status | Not for loan | Home library | Current library | Shelving location | Date acquired | Total Checkouts | Full call number | Barcode | Date last seen | Copy number | Price effective from | Koha item type |
|---|---|---|---|---|---|---|---|---|---|---|---|---|---|---|---|
| Dewey Decimal Classification | Virtual | Virtual | Online | 09/10/2008 | ONLINE PUBLICATION | 145439-1001 | 06/08/2019 | 1 | 06/08/2019 | Book |